[Event "Cairo Masters op"]
[Site "Cairo"]
[Date "2014.02.22"]
[Round "3"]
[White "Abou El Zein, Eid Mahmoud"]
[Black "Sabry, Taher"]
[Result "1-0"]
[WhiteElo "2207"]
[BlackElo "2070"]
[PlyCount "83"]
[EventDate "2014.02.20"]
[EventType "swiss"]
[EventRounds "9"]
[EventCountry "EGY"]
[SourceTitle "EXT 2015"]
[Source "ChessBase"]
[SourceDate "2014.11.20"]
[SourceVersion "1"]
[SourceVersionDate "2014.11.20"]
[SourceQuality "1"]

1. d4 Nf6 2. c4 e6 3. Nc3 d5 4. Bg5 Nbd7 5. cxd5 exd5 6. e3 c6 7. Qc2 Bd6 8. Bd3 h6 9. Bh4 0-0 10. Nf3 Re8 11. 0-0 Nf8 12. Rae1 Bg4 13. Nd2 g5 14. Bg3 Bh5 15. Ne2 Bg6 16. Bxd6 Qxd6 17. Ng3 Ng4 18. Nf3 Nf6 19. Ne5 Ne4 20. f4 Nxg3 21. hxg3 Bxd3 22. Qxd3 f6 23. Ng4 Re4 24. Nxh6+ Kh7 25. Nf5 Qe6 26. fxg5 fxg5 27. Rf3 Ng6 28. g4 Rf8 29. Ref1 Kg8 30. Qa3 Kh7 31. Qxa7 Rxg4 32. Qxb7+ Rf7 33. Qb3 Qe4 34. Ng3 Rxg3 35. Rxf7+ Kh6 36. R7f3 Rg4 37. Qb8 Rh4 38. Qg3 Qc2 39. Rf5 Rh5 40. Rf6 Rh4 41. Qd6 Qd3 42. Rxg6+ 1-0

[Event "Cairo Masters op"]
[Site "Cairo"]
[Date "2014.02.21"]
[Round "2"]
[White "Sabry, Taher"]
[Black "Zayan, Osama"]
[Result "1-0"]
[WhiteElo "2070"]
[BlackElo "2250"]
[PlyCount "115"]
[EventDate "2014.02.20"]
[EventType "swiss"]
[EventRounds "9"]
[EventCountry "EGY"]
[SourceTitle "EXT 2015"]
[Source "ChessBase"]
[SourceDate "2014.11.20"]
[SourceVersion "1"]
[SourceVersionDate "2014.11.20"]
[SourceQuality "1"]

1. b3 e5 2. Bb2 Nc6 3. g3 Nf6 4. Bg2 d5 5. d3 Bb4+ 6. Nd2 0-0 7. a3 Bc5 8. e3 a5 9. Ngf3 Re8 10. 0-0 h6 11. h3 e4 12. Ne1 Bf5 13. d4 Bf8 14. c4 Ne7 15. cxd5 Nexd5 16. Nc4 b5 17. Ne5 Bd6 18. Qe2 b4 19. a4 Bxe5 20. dxe5 Nd7 21. f4 exf3 22. Qxf3 Be6 23. Rd1 N5b6 24. Qf2 Bxb3 25. Bxa8 Qxa8 26. Nd3 Qc6 27. Rc1 Qe4 28. Nf4 Nxe5 29. Rxc7 Nxa4 30. Bd4 Bc4 31. Nh5 Bd5 32. Kh2 Nc3 33. Nxg7 Nd1 34. Nxe8 Nxf2 35. Nf6+ Kf8 36. Nxe4 Nf3+ 37. Kg2 Nxe4 38. Kxf3 a4 39. Kf4 b3 40. Ke5 Nd2 41. Kd6 Be6 42. Ra1 Kg8 43. Rxa4 Kh7 44. Ke5 Kg6 45. Kf4 h5 46. g4 hxg4 47. hxg4 Bd5 48. Ra6+ Be6 49. Rc8 Ne4 50. Rg8+ Kh7 51. Rg7+ Kh6 52. Kxe4 b2 53. Bxb2 f6 54. Bxf6 Bd5+ 55. Kf4 Bc4 56. Raa7 Bf7 57. Ra5 Bg6 58. Rh5+ 1-0

[Event "Cairo Masters op"]
[Site "Cairo"]
[Date "2014.02.20"]
[Round "1"]
[White "Yousry, Salah"]
[Black "Sabry, Taher"]
[Result "1-0"]
[WhiteElo "2265"]
[BlackElo "2070"]
[PlyCount "69"]
[EventDate "2014.02.20"]
[EventType "swiss"]
[EventRounds "9"]
[EventCountry "EGY"]
[SourceTitle "EXT 2015"]
[Source "ChessBase"]
[SourceDate "2014.11.20"]
[SourceVersion "1"]
[SourceVersionDate "2014.11.20"]
[SourceQuality "1"]

1. e4 g6 2. d4 Bg7 3. Nc3 b6 4. f4 Bb7 5. Nf3 d6 6. Bd3 Nd7 7. e5 e6 8. Ne4 d5 9. Ng3 Ne7 10. h4 h5 11. Ng5 c5 12. c3 a6 13. 0-0 b5 14. Qe2 cxd4 15. cxd4 Nb6 16. f5 Nxf5 17. Bxf5 gxf5 18. Nxh5 Rg8 19. Nxg7+ Rxg7 20. Qh5 Ke7 21. Nh7 Kd7 22. Bg5 Qh8 23. Nf6+ Kc7 24. Rac1+ Bc6 25. Qf3 Kb7 26. Nh5 Rh7 27. Nf4 Rxh4 28. Bxh4 Qxh4 29. Qh3 Qe7 30. Nd3 Nc4 31. b3 Rg8 32. bxc4 dxc4 33. Nf4 Rg4 34. Rc2 Qg5 35. Qh5 1-0

[Event "Egypt op"]
[Site "Egypt"]
[Date "2009.07.27"]
[Round "7"]
[White "Ameir, Moheb"]
[Black "Sabry, Taher"]
[Result "1-0"]
[WhiteElo "2088"]
[BlackElo "2091"]
[PlyCount "72"]
[EventDate "2009.07.20"]
[EventType "swiss"]
[EventRounds "9"]
[EventCountry "EGY"]
[SourceTitle "EXT 2011"]
[Source "ChessBase"]
[SourceDate "2010.11.26"]
[SourceVersion "1"]
[SourceVersionDate "2010.11.26"]
[SourceQuality "1"]

1. e4 d5 2. exd5 Nf6 3. Nf3 Nxd5 4. d4 Bg4 5. Be2 e6 6. c4 Nb6 7. 0-0 Nc6 8. Be3 Be7 9. d5 exd5 10. Bxb6 axb6 11. cxd5 Nb4 12. Nc3 Ra5 13. Qd4 Bxf3 14. Bxf3 0-0 15. Qe4 Na6 16. a3 Bf6 17. Rfe1 Nc5 18. Qc2 Bxc3 19. Qxc3 Ra8 20. Rac1 Qd6 21. b4 Na6 22. g3 Rfe8 23. h4 h6 24. Kg2 Rad8 25. h5 Qd7 26. Rxe8+ Rxe8 27. Re1 Rxe1 28. Qxe1 Kf8 29. Qe4 f6 30. Bg4 Qf7 31. Qf5 Qe8 32. Qh7 Qf7 33. Be6 Qxh5 34. Qg8+ Ke7 35. Qxg7+ Kd6 36. Qf8+ Ke5 1-0